Größte Städte in Brandenburg - Statistiken

Allgemein
  • Dieses Quiz wurde 597 mal gespielt
    452 seit der letzten Aktualisierung
  • Das Durchschnittsergebnis liegt bei 14 aus 26
Antwortstatistiken
Einwohner Antwort % Korrekt
176.000 Potsdam
100%
101.000 Cottbus
97%
72.000 Brandenburg an der Havel
94%
58.000 Frankfurt (Oder)
93%
44.000 Oranienburg
75%
40.000 Eberswalde
69%
37.000 Königs Wusterhausen
60%
31.000 Neuruppin
60%
25.000 Eisenhüttenstadt
57%
32.000 Fürstenwalde/Spree
55%
30.000 Schwedt/Oder
54%
44.000 Falkensee
52%
26.000 Teltow
51%
19.000 Prenzlau
49%
24.000 Rathenow
47%
26.000 Werder (Havel)
44%
25.000 Senftenberg
43%
27.000 Strausberg
43%
21.000 Luckenwalde
37%
26.000 Ludwigsfelde
36%
38.000 Bernau bei Berlin
35%
22.000 Spremberg
33%
26.000 Hennigsdorf
32%
27.000 Blankenfelde-Mahlow
23%
26.000 Hohen Neuendorf
22%
21.000 Kleinmachnow
17%
Keine übereinstimmenden Quizze gefunden
Verteilung der Resultate
Anzahl Personen mit jedem Resultat
Perzentil nach korrekt beantworteten Fragen
Ihre Resultats-Entwicklung
Sie haben dieses Quiz seit der letzten Aktualisierung nicht gespielt